[Event "San Francisco TNM Winter op"]
[Site "San Francisco"]
[Date "2015.02.03"]
[Round "5"]
[White "Rosenstein, Perry B"]
[Black "Poler, Sebastian"]
[Result "0-1"]
[WhiteElo "1745"]
[BlackElo "1506"]
[PlyCount "82"]
[EventDate "2015.01.06"]
[EventType "swiss"]
[EventRounds "8"]
[EventCountry "USA"]
[SourceTitle "EXT 2016"]
[Source "ChessBase"]
[SourceDate "2015.10.08"]
[SourceVersion "1"]
[SourceVersionDate "2015.10.08"]
[SourceQuality "1"]

1. e4 c6 2. d4 d5 3. e5 Bf5 4. Nf3 e6 5. c4 Ne7 6. Nc3 Ng6 7. cxd5 cxd5 8. Qb3 Qc7 9. h4 h6 10. Bd2 Nc6 11. Rc1 a6 12. h5 Nge7 13. Na4 b5 14. Nc5 Nc8 15. Nxa6 Rxa6 16. Bxb5 Rb6 17. Ba5 Rxb5 18. Qxb5 Qxa5+ 19. Qxa5 Nxa5 20. Rxc8+ Kd7 21. Rb8 Kc7 22. Rb5 Nc6 23. a3 Bc2 24. Nd2 Ba4 25. Rb3 Bxb3 26. Nxb3 Be7 27. Rh3 f6 28. Rg3 Rg8 29. Rc3 Kb6 30. f4 g5 31. Rg3 fxe5 32. fxe5 Rf8 33. Rf3 Rxf3 34. gxf3 Kb5 35. Kd2 Kc4 36. Kc2 Nxd4+ 37. Nxd4 Kxd4 38. b4 Kc4 39. Kd2 Kb3 40. b5 Kxa3 41. b6 Bd8 0-1

[Event "San Francisco TNM Winter op"]
[Site "San Francisco"]
[Date "2015.01.20"]
[Round "3"]
[White "Bayaraa, Chinguun"]
[Black "Poler, Sebastian"]
[Result "1-0"]
[WhiteElo "2062"]
[BlackElo "1506"]
[PlyCount "75"]
[EventDate "2015.01.06"]
[EventType "swiss"]
[EventRounds "8"]
[EventCountry "USA"]
[SourceTitle "EXT 2016"]
[Source "ChessBase"]
[SourceDate "2015.10.08"]
[SourceVersion "1"]
[SourceVersionDate "2015.10.08"]
[SourceQuality "1"]

1. d4 Nf6 2. c4 e5 3. dxe5 Ng4 4. Nf3 Bc5 5. e3 Nc6 6. a3 Ngxe5 7. b4 Be7 8. Bb2 Bf6 9. Nc3 0-0 10. Be2 d6 11. h3 Be6 12. Nd2 Qd7 13. 0-0 a5 14. b5 Ne7 15. f4 N5g6 16. Bd3 d5 17. Qc2 dxc4 18. Nxc4 Nf5 19. Rfd1 Bxc4 20. Bxf5 Qe7 21. Be4 Rad8 22. Kh2 b6 23. a4 Qe6 24. Re1 Bb3 25. Qc1 Rd6 26. Bxg6 hxg6 27. Ne2 Bxb2 28. Qxb2 Qxe3 29. Ng3 Qd3 30. Ra3 Qc4 31. Re4 Qc5 32. Qxb3 Rd2 33. Ra2 Rfd8 34. Re2 R2d3 35. Qc2 Rc3 36. Qe4 Rd4 37. Qe8+ Kh7 38. Ne4 1-0

[Event "San Francisco TNM Fall op"]
[Site "San Francisco"]
[Date "2014.12.16"]
[Round "8"]
[White "Starr, Albert Martin"]
[Black "Poler, Sebastian"]
[Result "1-0"]
[WhiteElo "1517"]
[BlackElo "1391"]
[PlyCount "71"]
[EventDate "2014.10.21"]
[EventType "swiss"]
[EventRounds "8"]
[EventCountry "USA"]
[SourceTitle "EXT 2016"]
[Source "ChessBase"]
[SourceDate "2015.10.08"]
[SourceVersion "1"]
[SourceVersionDate "2015.10.08"]
[SourceQuality "1"]

1. b4 e5 2. Bb2 Bxb4 3. Bxe5 Nf6 4. c4 Nc6 5. Bc3 a5 6. e3 0-0 7. a3 Bxc3 8. Nxc3 d5 9. d4 Re8 10. c5 Bf5 11. Bb5 Re6 12. Bxc6 Rxc6 13. Nge2 b6 14. cxb6 Rxb6 15. 0-0 Qd6 16. Nf4 g5 17. Nh5 c6 18. h3 Rab8 19. Na4 Rb5 20. Nc5 Ne4 21. Nxe4 Bxe4 22. Qg4 h6 23. Ng3 Bd3 24. Rfc1 Rb2 25. Qf3 Rd2 26. Nf1 Be4 27. Qg4 Rc2 28. Rxc2 f5 29. Qe2 Bxc2 30. Qxc2 f4 31. a4 fxe3 32. Nxe3 Qf6 33. Qc5 Rb4 34. Qxa5 Rxd4 35. Rd1 Rf4 36. Ng4 1-0

[Event "San Francisco TNM Fall op"]
[Site "San Francisco"]
[Date "2014.12.09"]
[Round "7"]
[White "Poler, Sebastian"]
[Black "Handler, Andrew Todd"]
[Result "0-1"]
[WhiteElo "1391"]
[BlackElo "1652"]
[PlyCount "84"]
[EventDate "2014.10.21"]
[EventType "swiss"]
[EventRounds "8"]
[EventCountry "USA"]
[SourceTitle "EXT 2016"]
[Source "ChessBase"]
[SourceDate "2015.10.08"]
[SourceVersion "1"]
[SourceVersionDate "2015.10.08"]
[SourceQuality "1"]

1. d4 e6 2. c4 f5 3. Nf3 Nf6 4. Nc3 Bb4 5. Bg5 Bxc3+ 6. bxc3 0-0 7. g3 d6 8. Bg2 Qe8 9. Qd3 Ne4 10. Bc1 Kh8 11. 0-0 e5 12. Rb1 Nc6 13. Nd2 Nxd2 14. Qxd2 f4 15. Qd3 Bf5 16. Be4 Bxe4 17. Qxe4 Rb8 18. d5 Ne7 19. gxf4 exf4 20. Bxf4 Qf7 21. Be3 Nf5 22. Bxa7 Rbe8 23. Qf3 b6 24. Bxb6 cxb6 25. Rxb6 Qa7 26. Rb2 Nh6 27. Qg3 Rf6 28. Kh1 Ref8 29. f3 Nf5 30. Qg1 Ne3 31. f4 Rg6 32. Qf2 Qe7 33. Rfb1 Rg2 34. Qxg2 Nxg2 35. Kxg2 Qe4+ 36. Kg1 Qxf4 37. Rb8 Qf2+ 38. Kh1 h5 39. a4 Rxb8 40. Rxb8+ Kh7 41. Rb1 Qxe2 42. Rg1 Qxc4 0-1

[Event "San Francisco TNM Jay Whitehead op"]
[Site "San Francisco"]
[Date "2014.09.16"]
[Round "7"]
[White "McKellar, Daniel"]
[Black "Poler, Sebastian"]
[Result "0-1"]
[WhiteElo "1504"]
[BlackElo "1391"]
[PlyCount "70"]
[EventDate "2014.08.05"]
[EventType "swiss"]
[EventRounds "9"]
[EventCountry "USA"]
[SourceTitle "EXT 2016"]
[Source "ChessBase"]
[SourceDate "2015.10.08"]
[SourceVersion "1"]
[SourceVersionDate "2015.10.08"]
[SourceQuality "1"]

1. e4 c6 2. d4 d5 3. e5 Bf5 4. Nf3 e6 5. Be2 c5 6. c3 Nc6 7. 0-0 Nge7 8. Be3 Ng6 9. Qb3 Qb6 10. Qxb6 axb6 11. Na3 cxd4 12. Nb5 dxe3 13. Nc7+ Kd7 14. Nxa8 exf2+ 15. Kh1 Bc5 16. b4 Be3 17. Nd4 Bxd4 18. cxd4 Rxa8 19. Rxf2 Nxd4 20. Bh5 Nxe5 21. Re1 Nd3 22. Rxf5 Nxf5 23. Rf1 g6 24. Be2 Nxb4 25. Bb5+ Nc6 26. a4 Nd6 27. g4 f5 28. gxf5 exf5 29. Rd1 Nxb5 30. axb5 Nb4 31. Rd4 Ra1+ 32. Kg2 Rb1 33. Kf3 g5 34. h3 Rb3+ 35. Kg2 Kd6 0-1

[Event "San Francisco TNM Spring op"]
[Site "San Francisco"]
[Date "2014.03.25"]
[Round "2"]
[White "Poler, Sebastian"]
[Black "Todortsev, Victor"]
[Result "0-1"]
[WhiteElo "1203"]
[BlackElo "1951"]
[PlyCount "58"]
[EventDate "2014.03.18"]
[EventType "swiss"]
[EventRounds "8"]
[EventCountry "USA"]
[SourceTitle "EXT 2016"]
[Source "ChessBase"]
[SourceDate "2015.10.08"]
[SourceVersion "1"]
[SourceVersionDate "2015.10.08"]
[SourceQuality "1"]

1. d4 d5 2. c4 e6 3. Nc3 Nf6 4. cxd5 exd5 5. Bg5 Be7 6. Nf3 c6 7. e3 0-0 8. Be2 Bf5 9. Qb3 b6 10. 0-0 Nbd7 11. Rac1 b5 12. a3 Rc8 13. Na2 a5 14. Rc3 Nb6 15. Ne5 Nc4 16. Nxc4 bxc4 17. Qa4 h6 18. Bxf6 Bxf6 19. b4 axb4 20. Nxb4 c5 21. Nc2 Bxc2 22. Rxc2 cxd4 23. exd4 Bxd4 24. Rd1 Qb6 25. Bf3 Qb3 26. Qxb3 cxb3 27. Rxc8 Rxc8 28. Bxd5 b2 29. Be4 Rc1 0-1

[Event "San Francisco TNM Winter op"]
[Site "San Francisco"]
[Date "2013.02.12"]
[Round "6"]
[White "Poler, Sebastian"]
[Black "Otterbach, Renate"]
[Result "1-0"]
[WhiteElo "893"]
[BlackElo "807"]
[PlyCount "48"]
[EventDate "2013.01.08"]
[EventType "swiss"]
[EventRounds "8"]
[EventCountry "USA"]
[SourceTitle "EXT 2016"]
[Source "ChessBase"]
[SourceDate "2015.10.08"]
[SourceVersion "1"]
[SourceVersionDate "2015.10.08"]
[SourceQuality "1"]

1. d4 d5 2. c4 e6 3. Nc3 Bb4 4. a3 Bxc3+ 5. bxc3 Ne7 6. Nf3 c6 7. e3 Qa5 8. Bd2 c5 9. cxd5 exd5 10. Qc2 Qc7 11. Bd3 h6 12. 0-0 Nd7 13. e4 dxe4 14. Bxe4 Nf6 15. Ne5 Z0 16. Rfe1 Bd7 17. Bf3 0-0-0 18. Nxf7 Bc6 19. Nxd8 Bxf3 20. gxf3 Qxd8 21. Qb3 Qc7 22. Rab1 b6 23. a4 c4 24. Qb4 Nd7 1-0

[Event "San Francisco TNM Winter op"]
[Site "San Francisco"]
[Date "2013.02.05"]
[Round "5"]
[White "Poler, Sebastian"]
[Black "Niemann, Hans Moke"]
[Result "0-1"]
[WhiteElo "893"]
[BlackElo "1172"]
[PlyCount "33"]
[EventDate "2013.01.08"]
[EventType "swiss"]
[EventRounds "8"]
[EventCountry "USA"]
[SourceTitle "EXT 2016"]
[Source "ChessBase"]
[SourceDate "2015.10.08"]
[SourceVersion "1"]
[SourceVersionDate "2015.10.08"]
[SourceQuality "1"]

1. d4 Nf6 2. c4 g6 3. Nc3 Bg7 4. e4 d6 5. Nf3 Nbd7 6. Be2 b6 7. 0-0 Bb7 8. Bd3 c5 9. d5 e5 10. Bg5 0-0 11. Qd2 Qc8 12. Bh6 Re8 13. Bxg7 Kxg7 14. Ne2 a5 15. Ng3 h5 16. Qg5 Kh8 17. Qh6+ 0-1

[Event "San Francisco TNM Winter op"]
[Site "San Francisco"]
[Date "2013.01.22"]
[Round "3"]
[White "Hilliard, Michael"]
[Black "Poler, Sebastian"]
[Result "1-0"]
[WhiteElo "1429"]
[BlackElo "893"]
[PlyCount "143"]
[EventDate "2013.01.08"]
[EventType "swiss"]
[EventRounds "8"]
[EventCountry "USA"]
[SourceTitle "EXT 2016"]
[Source "ChessBase"]
[SourceDate "2015.10.08"]
[SourceVersion "1"]
[SourceVersionDate "2015.10.08"]
[SourceQuality "1"]

1. d4 Nf6 2. Bg5 e6 3. Nf3 c5 4. e3 Nc6 5. c3 b6 6. Bd3 Be7 7. 0-0 0-0 8. e4 Bb7 9. Nbd2 Qc7 10. Qc2 h6 11. Be3 Ng4 12. Rae1 Nxe3 13. Rxe3 Bf6 14. d5 Nd8 15. c4 a6 16. b3 d6 17. Rfe1 Qd7 18. Rb1 b5 19. Ree1 b4 20. Qc1 a5 21. Nf1 e5 22. Ne3 Bc8 23. Nf5 Qc7 24. Nxh6+ Kh8 25. Nf5 Bxf5 26. exf5 a4 27. Re4 Qc8 28. Rg4 Re8 29. Be4 Ra6 30. Ng5 Kg8 31. Qe3 Qa8 32. Qh3 Kf8 33. Nh7+ Ke7 34. Nxf6 gxf6 35. Bc2 axb3 36. Bxb3 Nb7 37. Qd3 Ra3 38. Qc2 Na5 39. Rg3 Nxb3 40. axb3 Ra2 41. Qd1 Qa3 42. Re3 Ra8 43. Re1 Rb2 44. g3 Rg8 45. h4 Qa2 46. Rxb2 Qxb2 47. Qb1 Qxb1 48. Rxb1 Rg4 49. Kg2 Rd4 50. Re1 Rd3 51. Re3 Rxe3 52. fxe3 Kf8 53. Kf3 Kg7 54. Kg4 Kh6 55. e4 Kh7 56. Kh5 Kg7 57. g4 Kh7 58. g5 Kh8 59. Kh6 Kg8 60. g6 Kh8 61. Kh5 Kg7 62. gxf7 Kh7 63. f8R Kg7 64. Rd8 Kf7 65. Rxd6 Ke7 66. Rc6 Kd7 67. Rxc5 Kd6 68. Rc6+ Ke7 69. Kg6 Kd7 70. Kxf6 Ke8 71. Rd6 Kf8 72. Rd8# 1-0

[Event "San Francisco TNM Winter op"]
[Site "San Francisco"]
[Date "2013.01.15"]
[Round "2"]
[White "Poler, Sebastian"]
[Black "James, Charles"]
[Result "0-1"]
[WhiteElo "893"]
[BlackElo "1559"]
[PlyCount "56"]
[EventDate "2013.01.08"]
[EventType "swiss"]
[EventRounds "8"]
[EventCountry "USA"]
[SourceTitle "EXT 2016"]
[Source "ChessBase"]
[SourceDate "2015.10.08"]
[SourceVersion "1"]
[SourceVersionDate "2015.10.08"]
[SourceQuality "1"]

1. d4 f5 2. c4 Nf6 3. Nc3 g6 4. Bg5 Bg7 5. Qd2 h6 6. Bf4 d6 7. h4 c6 8. Nf3 Qa5 9. e3 Nbd7 10. a3 c5 11. Be2 a6 12. 0-0 0-0 13. Rab1 Qc7 14. Bd3 e5 15. Bg3 e4 16. Be2 exf3 17. Bxf3 Nb6 18. Qd3 cxd4 19. Nd5 Nbxd5 20. cxd5 dxe3 21. Qxe3 Bd7 22. Rbc1 Qb8 23. Bf4 Re8 24. Qb6 Ne4 25. Bxe4 Rxe4 26. Bxd6 Qe8 27. Qxb7 Re2 28. Rc7 Rxb2 0-1